2025 MLB Playoff Lineups - Statistics

General Stats
  • This quiz has been taken 195 times
  • The average score is 80 of 165
Answer Stats
Hint Hint Answer % Correct
Toronto Blue Jays C Alejandro Kirk
94%
Toronto Blue Jays 1B Vladimir Guerrero Jr.
90%
Seattle Mariners C Cal Raleigh
89%
New York Yankees RF Aaron Judge
84%
Seattle Mariners CF Julio Rodriguez
82%
Toronto Blue Jays 3B Ernie Clement
80%
Seattle Mariners 3B Eugenio Suarez
80%
Toronto Blue Jays DH George Springer
79%
Cleveland Guardians 3B Jose Ramirez
77%
Seattle Mariners 1B Josh Naylor
77%
Los Angeles Dodgers C Will Smith
77%
Cleveland Guardians C Bo Naylor
76%
Philadelphia Phillies 1B Bryce Harper
76%
Los Angeles Dodgers 1B Freddie Freeman
76%
Los Angeles Dodgers SS Mookie Betts
76%
San Diego Padres DH Ryan O’Hearn
76%
Toronto Blue Jays SP Kevin Gausman
75%
Seattle Mariners SS J.P. Crawford
74%
Los Angeles Dodgers LF Kike Hernandez
74%
Philadelphia Phillies DH Kyle Schwarber
74%
Los Angeles Dodgers RF Teoscar Hernandez
74%
New York Yankees SS Anthony Volpe
72%
Los Angeles Dodgers DH | SP Shohei Ohtani
72%
New York Yankees C Austin Wells
71%
New York Yankees DH Giancarlo Stanton
71%
Philadelphia Phillies SS Trea Turner
71%
Toronto Blue Jays SP Trey Yesavage
71%
Toronto Blue Jays CF Daulton Varsho
70%
Los Angeles Dodgers 3B Max Muncy
70%
Detroit Tigers SP Tarik Skubal
70%
Toronto Blue Jays SS Andres Gimenez
69%
New York Yankees 2B Jazz Chisholm Jr.
69%
Philadelphia Phillies C J.T. Realmuto
69%
New York Yankees SP Luis Gil
69%
Chicaco Cubs CF Pete Crow-Armstrong
69%
Los Angeles Dodgers SP Blake Snell
68%
San Diego Padres RF Fernando Tatis Jr.
68%
New York Yankees SP Max Fried
68%
Toronto Blue Jays SP Max Scherzer
68%
Los Angeles Dodgers SP Yoshinobu Yamamoto
68%
New York Yankees LF Cody Bellinger
67%
Detroit Tigers LF Riley Greene
67%
New York Yankees MGR Aaron Boone
66%
Toronto Blue Jays RF Addison Barger
66%
Los Angeles Dodgers CF Andy Pages
66%
Cincinnati Reds SS Elly De La Cruz
66%
Seattle Mariners LF Randy Arozarena
66%
New York Yankees 1B Ben Rice
64%
Cincinnati Reds SP Hunter Greene
64%
San Diego Padres 3B Manny Machado
64%
Los Angeles Dodgers MGR Dave Roberts
63%
Seattle Mariners SP George Kirby
63%
Seattle Mariners SP Logan Gilbert
63%
Chicaco Cubs RF Seiya Suzuki
63%
Los Angeles Dodgers SP Tyler Glasnow
63%
Milwaukee Brewers DH Christian Yelich
62%
Seattle Mariners 2B Jorge Polanco
62%
Philadelphia Phillies SP Cristopher Sanchez
61%
Boston Red Sox SP Garrett Crochet
61%
Toronto Blue Jays SP Shane Bieber
61%
Milwaukee Brewers C William Contreras
61%
Philadelphia Phillies 3B Alec Bohm
60%
Chicaco Cubs SS Dansby Swanson
60%
Boston Red Sox LF Jarren Duran
60%
Philadelphia Phillies SP Aaron Nola
59%
Detroit Tigers 2B Gleyber Torres
59%
Detroit Tigers SS Javier Baez
59%
Chicaco Cubs 2B Nico Hoerner
59%
Cleveland Guardians LF Steven Kwan
59%
New York Yankees CF Trent Grisham
59%
Milwaukee Brewers SP Freddy Peralta
57%
Toronto Blue Jays MGR John Schneider
57%
Seattle Mariners SP Luis Castillo
56%
Boston Red Sox SS Trevor Story
56%
Chicaco Cubs DH Kyle Tucker
55%
Philadelphia Phillies RF Nick Castellanos
55%
Detroit Tigers 1B Spencer Torkelson
55%
Los Angeles Dodgers 2B Tommy Edman
55%
Philadelphia Phillies 2B Bryson Stott
54%
Milwaukee Brewers LF Jackson Chourio
54%
Detroit Tigers DH Kerry Carpenter
54%
New York Yankees SP Carlos Rodon
52%
Chicaco Cubs LF Ian Happ
52%
Milwaukee Brewers 2B Brice Turang
49%
Boston Red Sox 3B Alex Bregman
48%
Philadelphia Phillies CF Brandon Marsh
48%
Boston Red Sox CF Ceddanne Rafaela
48%
Chicaco Cubs 1B Michael Busch
48%
San Diego Padres SS Xander Bogaerts
48%
Toronto Blue Jays LF Nathan Lukes
46%
New York Yankees 3B Ryan McMahon
46%
Chicaco Cubs C Carson Kelly
45%
Chicaco Cubs MGR Craig Counsell
45%
San Diego Padres 2B Jake Cronenworth
45%
San Diego Padres 1B Luis Arraez
45%
Milwaukee Brewers RF Sal Frelick
45%
New York Yankees SP Cam Schlittler
43%
Chicaco Cubs SP Shota Imanaga
43%
San Diego Padres SP Yu Darvish
43%
Boston Red Sox MGR Alex Cora
40%
Boston Red Sox C Carlos Narvaez
40%
Detroit Tigers C Dillon Dingler
40%
San Diego Padres SP Dylan Cease
40%
San Diego Padres CF Jackson Merrill
40%
Chicaco Cubs 3B Matt Shaw
40%
Cleveland Guardians 2B Brayan Rocchio
38%
Seattle Mariners SP Bryce Miller
38%
Toronto Blue Jays 2B Isiah Kiner-Falefa
38%
Cleveland Guardians MGR Stephen Vogt
38%
Detroit Tigers MGR A.J. Hinch
37%
Milwaukee Brewers 1B Andrew Vaughn
36%
Cincinnati Reds DH Gavin Lux
36%
Cincinnati Reds MGR Terry Francona
36%
Detroit Tigers SP Jack Flaherty
34%
Milwaukee Brewers SS Joey Ortiz
34%
Seattle Mariners RF Victor Robles
34%
Boston Red Sox SP Brayan Bello
33%
Milwaukee Brewers 3B Caleb Durbin
33%
Philadelphia Phillies SP Jesus Luzardo
33%
Chicaco Cubs SP Matthew Boyd
33%
Cleveland Guardians SP Tanner Bibee
33%
Detroit Tigers 3B Zach McKinstry
33%
Boston Red Sox DH Masataka Yoshida
32%
Milwaukee Brewers MGR Pat Murphy
32%
Cincinnati Reds C Tyler Stephenson
32%
San Diego Padres SP Nick Pivetta
30%
Philadelphia Phillies MGR Rob Thomson
30%
Detroit Tigers SP Casey Mize
29%
Seattle Mariners MGR Dan Wilson
29%
Seattle Mariners DH Dominic Canzone
29%
Cleveland Guardians SP Gavin Williams
29%
Cincinnati Reds 2B Matt McLain
29%
Philadelphia Phillies LF Max Kepler
29%
Detroit Tigers CF Parker Meadows
29%
Cincinnati Reds 1B Spencer Steer
29%
San Diego Padres C Freddy Fermin
26%
Cleveland Guardians DH Kyle Manzardo
26%
Chicaco Cubs SP Jameson Taillon
24%
Detroit Tigers RF Wenceel Perez
23%
Cincinnati Reds CF T.J. Friedl
22%
Boston Red Sox 1B Romy Gonzalez
21%
Boston Red Sox SP Connelly Early
20%
San Diego Padres LF Gavin Sheets
20%
Milwaukee Brewers CF Blake Perkins
18%
Cleveland Guardians SS Gabriel Arias
18%
Cincinnati Reds RF Noelvi Marte
18%
Cincinnati Reds 3B Ke’Bryan Hayes
17%
Milwaukee Brewers SP Quinn Priester
17%
Cincinnati Reds LF Austin Hays
16%
Milwaukee Brewers SP Jose Quintana
16%
San Diego Padres MGR Mike Shildt
16%
Boston Red Sox 2B Nick Sogard
15%
Toronto Blue Jays SP Louis Varland
14%
Milwaukee Brewers SP Aaron Ashby
13%
Cleveland Guardians RF George Valera
11%
Boston Red Sox RF Nate Eaton
11%
Cleveland Guardians CF Daniel Schneemann
9%
Cleveland Guardians SP Slade Cecconi
9%
Milwaukee Brewers SP Trevor Megill
9%
Cincinnati Reds SP Zach Littell
9%
Cleveland Guardians 1B C.J. Kayfus
8%
Detroit Tigers SP Troy Melton
7%
Chicaco Cubs SP Drew Pomeranz
6%
Chicaco Cubs SP Andrew Kittredge
5%
No matching quizzes found
Score Distribution
Percent of People with Each Score
Percentile by Number Answered
Your Score History
You have not taken this quiz